000
00299nam a22001217a 4500
003
OSt
008
250205b |||||||| |||| 00| 0 eng d
041
_a
eng
100
_a
Bralla, James G
_9
7078
245
_a
Handbook of Product Design for Manufacturing
260
_b
Mc Graw Hill,
_c
1988.
942
_c
BK
999
_c
19307
_d
19307